Actualidad de la atención educativa a los niños y adolescentes con necesidades educativas especiales / (Record no. 184846)

MARC details
000 -CABECERA
campo de control de longitud fija 00780nam a2200229 u 4500
005 - FECHA Y HORA DE LA ÚLTIMA TRANSACCIÓN
campo de control 20240706063659.0
008 - ELEMENTOS DE LONGITUD FIJA--INFORMACIÓN GENERAL
campo de control de longitud fija 160901s2014 cu r 000 0 spa d
020 ## - NÚMERO INTERNACIONAL NORMALIZADO PARA LIBROS
Número Internacional Estándar del Libro 9789591327727
035 ## - NÚMERO DE CONTROL DEL SISTEMA
Número de control de sistema UPN01000212746
049 ## - COLECCIÓN
Colección CG
050 #4 - SIGNATURA TOPOGRÁFICA DE LA BIBLIOTECA DEL CONGRESO
Número de clasificación LC4035 C9
Número de documento/Ítem A2.7
245 00 - MENCIÓN DE TÍTULO
Título Actualidad de la atención educativa a los niños y adolescentes con necesidades educativas especiales /
Mención de responsabilidad, etc. Sonia Guerra Iglesias ... [et al.].
260 ## - PUBLICACIÓN, DISTRIBUCIÓN, ETC.
Lugar de publicación, distribución, etc. La Habana, Cuba :
Nombre del editor, distribuidor, etc. Pueblo y Educación,
Fecha de publicación, distribución, etc. 2014.
300 ## - DESCRIPCIÓN FÍSICA
Extensión 471 p. :
Otras características físicas cuadros
650 #4 - ASIENTO SECUNDARIO DE MATERIA - TERMINO TEMATICO
Término de materia o nombre geográfico como elemento de entrada EDUCACION ESPECIAL -
Subdivisión geográfica CUBA
9 (RLIN) 10635
650 #4 - ASIENTO SECUNDARIO DE MATERIA - TERMINO TEMATICO
Término de materia o nombre geográfico como elemento de entrada Niños con discapacidad
Subdivisión general Educación
9 (RLIN) 1549
650 #7 - ASIENTO SECUNDARIO DE MATERIA - TERMINO TEMATICO
Término de materia o nombre geográfico como elemento de entrada Estrategias educativas
Fuente del encabezamiento o término
9 (RLIN) 1510
700 1# - ASIENTO SECUNDARIO--NOMBRE DE PERSONAL
Nombre de persona Guerra Iglesias, Sonia,
Término indicativo de función/relación coaut.
905 ## - TIPO DE MATERIAL
Tipo de material Libro
Holdings
Estado de retiro Estado de pérdida Fuente del sistema de clasificación o colocación Estado dañado No para préstamo Código de colección Localización permanente Ubicación/localización actual Ubicación en estantería Total de préstamos Clasificación Código de barras En préstamo Fecha visto por última vez Número de copia Tipo de ítem Koha Fecha de adquisición Fecha del último préstamo
    Library of Congress Classification     Colección General Bib. Gregorio Torres Quintero Bib. Gregorio Torres Quintero Planta baja 11 LC4035 C9 A2.7 313066 12/11/2018 31/12/2020 1 Libro    
    Library of Congress Classification     Colección General Bib. Gregorio Torres Quintero Bib. Gregorio Torres Quintero Planta baja 12 LC4035 C9 A2.7 313065   10/12/2024 1 Libro 11/09/2024 27/11/2024